000 00649naa a2200217 i 4500
001 101304
003 ES-MaBCM
005 20241016135626.0
008 041020s2004 fra 000 0 fre d
021 _axx
035 _a(OCoLC)1365195984
040 _cES-MaBCM
041 0 _afre
043 _afra
100 1 _aMekhantar, Joël
_930618
245 1 0 _aLe devoir de résistance du fonctionnaire depuis 1946
_cJoël Mekhantar
650 2 7 _aFuncionario
_958755
651 4 _aFrancia
_9115364
773 0 _aEn:
_tAJDA. L'actualité juridique. Droit administratif
_dParis : 2004
_w104215
_gnº 31, sept., p. 1681-1690. - Loc. S.24
942 _cAREV
999 _c101304
_d101304